|
|
|
|
| LEADER |
00000nam0a2200000 4500 |
| 001 |
378981 |
| 005 |
20231102013042.0 |
| 035 |
|
|
|a (RuTPU)RU\TPU\retro\36442
|
| 035 |
|
|
|a RU\TPU\book\328587
|
| 090 |
|
|
|a 378981
|
| 100 |
|
|
|a 20230622d1971 k y0rusy50 ca
|
| 101 |
0 |
|
|a rus
|
| 102 |
|
|
|a RU
|
| 105 |
|
|
|a a z 001zy
|
| 200 |
1 |
|
|a Проектирование фундаментов опор линий электропередачи
|f Е. М. Бухарин, Ю. А. Габлия, Л. Э. Левин
|g под ред. Л. Э. Левина
|
| 210 |
|
|
|a Москва
|c Энергия
|d 1971
|
| 215 |
|
|
|a 215 с.
|c ил.
|
| 320 |
|
|
|a Библиогр.: с. 209-212.
|
| 606 |
1 |
|
|a Опоры для линий электропередачи
|x Фундаменты
|x Проектирование
|2 stltpush
|3 (RuTPU)RU\TPU\subj\47091
|9 66158
|
| 610 |
1 |
|
|a конструкции
|
| 610 |
1 |
|
|a инженерно-геологическая характеристика
|
| 610 |
1 |
|
|a основания
|
| 610 |
1 |
|
|a проектирование
|
| 610 |
1 |
|
|a особые условия
|
| 610 |
1 |
|
|a поймы
|
| 610 |
1 |
|
|a большие переходы
|
| 610 |
1 |
|
|a совместная работа
|
| 675 |
|
|
|a 621.315.66
|v 3
|
| 700 |
|
1 |
|a Бухарин
|b Е. М.
|g Евгений Михайлович
|
| 701 |
|
1 |
|a Габлия
|b Ю. А.
|g Юрий Александрович
|
| 701 |
|
1 |
|a Левин
|b Л. Э.
|g Лев Эммануилович
|
| 702 |
|
1 |
|a Левин
|b Л. Э.
|4 340
|
| 801 |
|
1 |
|a RU
|b 63413507
|c 20150902
|
| 801 |
|
2 |
|a RU
|b 63413507
|c 20230622
|g RCR
|
| 942 |
|
|
|c BK
|